000 00464pab a2200169 454500
008 180718b2010 xxu||||| |||| 00| 0 eng d
100 _aKittilson, Miki Caul
245 _aComparing gender, institutions and political behavior: toward an integrated theoretical framework
260 _c2010
300 _ap.217-22.
362 _aMar
650 _aPolitical behaviour
650 _aWomen
773 _aPerspectives on Politics
908 _aN
909 _a87226
999 _c87226
_d87226